| 000 | 00568nam a2200181Ia 4500 | ||
|---|---|---|---|
| 008 | 131103s9999 xx 000 0 und d | ||
| 040 | _aLoreto College | ||
| 041 | _aEnglish | ||
| 082 |
_a370.954/SEN _bLCLIB(Press)/34070 |
||
| 100 | _aSen Gupta, Kanti Prasanna | ||
| 245 | 4 |
_aThe christian missionaries in Bengal 1793 - 1833 _cKanti Prasanna Sen Gupta |
|
| 260 |
_aCalcutta _b[s.n.] _c1971 |
||
| 300 |
_axii,240p. _c 21cm. |
||
| 504 | _aIncludes bibliographical references & appendix | ||
| 650 | _aIndia - education | ||
| 850 | _aLCLIB/370.954/SEN | ||
| 942 | _cBK | ||
| 999 |
_c24786 _d75265 |
||